Razící a nakládací stroje /

Hlavní autor: Gondek, Horst, 1943-
Další autoři: Jurman, Josef, 1940-
Jazyk: Čeština
Vydáno: Ostrava : Vysoká škola báňská, 1989
Vydání: 1. vyd.
Témata:
Fyzický popis: 152 s. : il. ; 29 cm
Knihy
Uloženo v:
LEADER 01214nam a22003252a 4500
001 000214830
003 CZ BrMZK
005 20080116075456.0
007 ta
008 970103s1989 xr f cze d
015 |a cnb000051600 
020 |q (Brož.) :  |c 10 Kčs 
035 |a (OCoLC)39415965 
040 |a BOA001  |b cze 
080 9 |a 622.2 
100 1 |a Gondek, Horst,  |d 1943-  |7 mzk2005309176  |4 aut 
245 1 0 |a Razící a nakládací stroje /  |c Horst Gondek, Josef Jurman 
250 |a 1. vyd. 
260 |a Ostrava :  |b Vysoká škola báňská,  |c 1989 
300 |a 152 s. :  |b il. ;  |c 29 cm 
500 |a 200 výt. 
504 |a Obsahuje bibliografii 
700 1 |a Jurman, Josef,  |d 1940-  |7 jn20001103266  |4 aut 
910 |a BOA001  |b TK-A-0239.991  |b 4-0947.834 
964 |a Razící stroje - učebnice - vysoké školy 
964 |a Nakládací stroje - učebnice - vysoké školy 
990 |a BK 
996 7 |b 2629994840  |c TK-A-0239.991  |l MZK  |r Sklad / do 24 hodin  |n 0  |w 000214830  |u 000020  |a 1  |e BOA001  |j MZK50  |s A 
996 7 |b 2629994841  |c TK-A-0239.991  |l MZK  |r Sklad / do 24 hodin  |n 1  |w 000214830  |u 000010  |a 1  |e BOA001  |j MZK50  |s A 
996 6 |b BC-538486  |c 4-0947.834  |l MZK  |r Sklad / do 1 hodiny  |n 0  |w 000214830  |u 000030  |a 1  |e BOA001  |j MZK50  |s P